Relación de las ceremonias y ritos y población y gobierno de los indios de la provincia de Michoacán (1541) (Record no. 126150)

MARC details
000 -LEADER
campo de control de longitud fija 01281nam a2200253 i 4500
001 - NÚMERO DE CONTROL
campo de control 126150
003 - IDENTIFICADOR DE NÚMERO DE CONTROL
campo de control ES-MaACL
005 - FECHA Y HORA DE LA ÚLTIMA TRANSACCIÓN
campo de control 20250831020657.0
007 - CAMPO FIJO DE DESCRIPCIÓN FÍSICA--INFORMACIÓN GENERAL
campo de control de longitud fija t|
008 - DATOS DE LONGITUD FIJA--INFORMACIÓN GENERAL
campo de control de longitud fija 070214s1956 sp a |||| | spa d
245 00 - MENCIÓN DEL TÍTULO
Título Relación de las ceremonias y ritos y población y gobierno de los indios de la provincia de Michoacán (1541)
Resto del título : reproducción facsímil del Ms. c IV.5 de El Escorial /
Mención de responsabilidad, etc. con transcripción, prólogo, introducción y notas por José Tudela ; revisión de las voces tarascas por José Corona Núñez ; estudio preliminar: `La relación de Michoacan como fuente para la historia de la sociedad y cultura tarascas` por Paul Kirchhoff.
260 ## - PUBLICACIÓN, DISTRIBUCIÓN, ETC.
Lugar de publicación, distribución, etc. Madrid :
Nombre del editor, distribuidor, etc. Aguilar,
Fecha de publicación, distribución, etc. 1956.
300 ## - DESCRIPCIÓN FÍSICA
Extensión XXXIII, 277 p. :
Otras características físicas il. ;
Dimensiones 50 cm.
500 ## - NOTA GENERAL
Nota general Hojas sueltas en carpeta.
610 24 - PUNTO DE ACCESO ADICIONAL DE MATERIA--NOMBRE DE ENTIDAD CORPORATIVA
Nombre de entidad corporativa o nombre de jurisdicción como elemento de entrada Monasterio de El Escorial.
Unidad subordinada Biblioteca.
Subencabezamiento de forma Manuscrito.
Número del congreso/reunión o número de parte o sección (Ç.IV.5|)-
Subdivisión de forma Facsímiles.
9 (RLIN) 168125
650 #4 - PUNTO DE ACCESO ADICIONAL DE MATERIA--TÉRMINO DE MATERIA
Término de materia o nombre geográfico como elemento de entrada Tarascos (Indios)-
Subdivisión general Ritos y ceremonias.
9 (RLIN) 168126
650 #4 - PUNTO DE ACCESO ADICIONAL DE MATERIA--TÉRMINO DE MATERIA
Término de materia o nombre geográfico como elemento de entrada Tarascos (Indios)-
Subdivisión general Usos y costumbres.
9 (RLIN) 168127
651 #7 - PUNTO DE ACCESO ADICIONAL DE MATERIA--NOMBRE GEOGRÁFICO
Nombre geográfico Michoacán (México, Estado)-
Subdivisión general Historia
Fuente del encabezamiento o término
9 (RLIN) 168128
700 1# - ENTRADA AGREGADA--NOMBRE PERSONAL
Nombre de persona Tudela de la Orden, José.
9 (RLIN) 111634
700 1# - ENTRADA AGREGADA--NOMBRE PERSONAL
Nombre de persona Corona Núñez, José.
9 (RLIN) 40673
700 1# - ENTRADA AGREGADA--NOMBRE PERSONAL
Nombre de persona Kirchhoff, Paul.
9 (RLIN) 68102
852 ## - LOCALIZACIÓN
Ubicación ES-MaACL
Número de control de estantería B-7321
Holdings
Estatus retirado Estado de pérdida Estado de daño No para préstamo Biblioteca de origen Biblioteca actual Ubicación en estantería Fecha de adquisición Fuente de adquisición Total de préstamos Signatura topográfica completa Código de barras Visto por última vez Precio de reemplazo Tipo de ítem Koha
        Biblioteca del Ateneo de Madrid Biblioteca del Ateneo de Madrid Sala Pardo Bazán 17/01/2008     B-7321 1131399 23/02/2023 23/02/2023 Libro impreso